000 00358nam a22001097a 4500
082 _a400
100 _aPandey, M.N.
_979413
245 _aEnglish Grammar महत्‍वपूर्ण नियम, उदाहरण एवं शब्‍द अर्थ
260 _aNew Delhi
_bGuider Competitive Group
_c2020
650 _aGrammar
_979414
942 _cBK
999 _c63017
_d63017